Loading...
| Fine Arts - Classical Music | 6 | 11.67 | 100% | 17% | 0% |
| Fine Arts - Other Fine Arts | 7 | 12.86 | 86% | 29% | 14% |
| Fine Arts - Visual Fine Arts | 5 | 14.00 | 100% | 20% | 20% |
| History - American History | 6 | 13.33 | 83% | 33% | 17% |
| History - European History | 2 | 15.00 | 100% | 50% | 0% |
| History - Other History | 3 | 16.67 | 67% | 67% | 33% |
| History - World History | 9 | 16.67 | 89% | 56% | 22% |
| Literature - American Literature | 3 | 20.00 | 100% | 100% | 0% |
| Literature - British Literature | 6 | 23.33 | 100% | 100% | 33% |
| Literature - European Literature | 7 | 18.57 | 86% | 100% | 0% |
| Literature - World/Other Literature | 7 | 18.57 | 100% | 71% | 14% |
| Mythology | 6 | 23.33 | 100% | 83% | 50% |
| Other Academic | 2 | 15.00 | 100% | 50% | 0% |
| Philosophy | 6 | 18.33 | 83% | 83% | 17% |
| Pop Culture | 1 | 10.00 | 100% | 0% | 0% |
| Religion | 8 | 13.75 | 88% | 38% | 13% |
| Science - Biology | 7 | 15.71 | 86% | 57% | 14% |
| Science - Chemistry | 4 | 7.50 | 50% | 25% | 0% |
| Science - Other Science | 8 | 18.75 | 88% | 63% | 38% |
| Science - Physics | 7 | 20.00 | 100% | 71% | 29% |
| Social Science | 7 | 15.71 | 100% | 57% | 0% |